000 00937nam a2200301 a 4500
001 000009793
003 DO-SdBNP
005 20260312102327.0
008 091001s1958 dr 000 p spa d
040 _aDO-SdBNP
_bspa
_cBNPHU
049 _aBNPD
082 _aRD861.42
_bF363b, 1958
100 1 _aFernández Spencer, Antonio,
_d1922-1995
_922525
245 1 0 _aBajo la luz del día /
_cAntonio Fernández Spencer.
250 _a2a ed.
260 _aCiudad Trujillo, República Dominicana :
_bImpresora Dominicana,
_c1958.
300 _a124 p. ;
_c24 cm.
490 1 _aArquero
490 1 _aVerso y Prosa
500 _aIncluye datos biográficos del autor en las solapas
500 _aIncluye notas al pie de las páginas
586 _aPremio Adonais , 1952
650 0 _aPoesía dominicana
_966
650 0 _aLiteratura dominicana.
_967
830 0 _aArquero
_922890
830 0 _aVerso y Prosa
_924700
942 _2ddc
_cLBS1
999 _c9552
_d9552